| 000 | 01179nam a22002657a 4500 | ||
|---|---|---|---|
| 005 | 20110728112413.0 | ||
| 008 | 110728t xxu||||| |||| 00| 0 mar d | ||
| 010 | _aMAR-21183 | ||
| 020 |
_c220.00 _a9788184980660 |
||
| 035 | _aMR-13841 | ||
| 037 | _bDPL/PUB | ||
| 040 |
_aDPL _bMR |
||
| 082 | _a921 | ||
| 100 |
_930273 _aडिअर,हेलन-अँलीस |
||
| 245 |
_aमाय फॅमिली इज ऑल आय हॅव / _bहेलन-अँलीस डिअर |
||
| 246 |
_aMy Family to All I Have _bby healen Alice-Dear |
||
| 260 |
_aपुणे _bमेहता पब्लिशिंग हाऊस _c2007 |
||
| 270 |
_a1941,सदाशिव पेठ, माडीवाले कॉलनी _bपुणे _e-30 _k020-24476924 |
||
| 300 |
_aसहा,216पृ. _c22सेमी(अजिल्द) |
||
| 650 |
_aआत्मकथन _931462 |
||
| 650 |
_aAutobiography _931463 |
||
| 700 |
_931371 _aवाळिंबे,चित्रा |
||
| 942 |
_2ddc _cMR _h921 _mडिअर |
||
| 999 |
_c54921 _d54921 |
||